000
00252nam a22001097a 4500
041
_a
ENG
245
_a
Ultimate Visual Dictionary
260
_a
New York
_b
Donling Kindersley
_c
2001
300
_a
640
650
_a
Dictionary
856
_u
Dictionary ( 28 )
999
_c
2288
_d
2288